MARC

LEADER 00000nam0a2200000 4500
001 193081
005 20231031181707.0
035 |a (RuTPU)RU\TPU\book\210534 
090 |a 193081 
100 |a 20110314d1906 km y0rusy50 ca 
101 0 |a rus 
102 |a RU 
105 |a a z 000zy 
200 1 |a Американские самоподаватели при молотилках  |f А. А. Алов  |g Императорское Вольное Экономическое общество 
210 |a СПб.  |c Типо-литография М. П. Фроловой  |d 1906 
215 |a 20 с.  |c ил. 
610 1 |a сельскохозяйственные механизмы 
610 1 |a молотилки 
610 1 |a зарубежные конструкции 
610 1 |a США 
610 1 |a самоподаватели 
675 |a 631.3  |v 3 
700 1 |a Алов  |b А. А. 
712 0 2 |a Императорское Вольное Экономическое общество  |2 stltpush  |3 (RuTPU)RU\TPU\col\17214 
801 1 |a RU  |b 63413507  |c 20110314 
801 2 |a RU  |b 63413507  |c 20110507  |g RCR 
942 |c BK